Concise oxford-Paravia Italian Dictionary: (Record no. 179770)

MARC details
000 -LEADER
fixed length control field 00562nam a22001817a 4500
005 - DATE AND TIME OF LATEST TRANSACTION
control field 20210716101234.0
010 ## - LCCN (DPL NO)
LC control number B-740588
020 ## - INTERNATIONAL STANDARD BOOK NUMBER
International Standard Book Number 9780199564255
Terms of availability 2495.00
035 ## - SYSTEM CONTROL NUMBER
System control number B-740588
037 ## - SOURCE OF ACQUISITION
Source of stock number/acquisition Gift
082 ## - DEWEY DECIMAL CLASSIFICATION NUMBER
Classification number 453.21
245 ## - TITLE STATEMENT
Title Concise oxford-Paravia Italian Dictionary:
Remainder of title English-Italian, Italian-English
250 ## - EDITION STATEMENT
Edition statement 2nd ed.
260 ## - PUBLICATION, DISTRIBUTION, ETC. (IMPRINT)
Name of publisher, distributor, etc Oxford University Press
Date of publication, distribution, etc 2009
300 ## - PHYSICAL DESCRIPTION
Extent 1634p.
Dimensions 22cm(Hb)
942 ## - ADDED ENTRY ELEMENTS (KOHA)
Source of classification or shelving scheme Dewey Decimal Classification
Item type Reference Books
Call number suffix CON
Classification part 453.21
Holdings
Withdrawn status Lost status Not for loan Collection code Home library Current library Date acquired Source of acquisition Cost, normal purchase price Full call number Barcode Copy number Cost, replacement price Koha item type Public note
    Not For Loan Non-fiction Central Library Central Library 07/07/2021 Gift/Eng/07-07-2021 2495.00 453.21 CON B-740588 1 2495.00 Reference Books Gift

© Delhi Public Library
Hit Counter
free hit counter